Agricultural performance analysis (Record no. 119210)

MARC details
000 -LEADER
fixed length control field 00843cas a22002175a 4500
001 - CONTROL NUMBER
control field L146087
008 - FIXED-LENGTH DATA ELEMENTS--GENERAL INFORMATION
fixed length control field 081208n1996 xxkar p ss 0 a0eng d
035 ## - SYSTEM CONTROL NUMBER
System control number (Sirsi) u146087
041 0# - LANGUAGE CODE
Language code of text/sound track or separate title eng
050 ## - LIBRARY OF CONGRESS CALL NUMBER
Classification number 333.33 $2 18
110 2# - MAIN ENTRY--CORPORATE NAME
Corporate name or jurisdiction name as entry element Savills
9 (RLIN) 2020
245 00 - TITLE STATEMENT
Title Agricultural performance analysis
260 ## - PUBLICATION, DISTRIBUTION, ETC.
Place of publication, distribution, etc. London
Name of publisher, distributor, etc. Savills
Date of publication, distribution, etc. 1981-1996
362 0# - DATES OF PUBLICATION AND/OR SEQUENTIAL DESIGNATION
Dates of publication and/or sequential designation 1981-1996
520 ## - SUMMARY, ETC.
Summary, etc. Presents an analysis of the growth of institutional investment in farmland and of its performance in terms of rental growth, capital growth, total returns and yields. Includes data on purchases and sales. First issue provides some historical data from 1965-1981.
520 ## - SUMMARY, ETC.
Summary, etc. 1994 and 1995 are missing.
554 ## -
-- One per year
651 #4 - SUBJECT ADDED ENTRY--GEOGRAPHIC NAME
Geographic name England and Wales
Chronological subdivision 1543-
690 ## - LOCAL SUBJECT ADDED ENTRY--TOPICAL TERM (OCLC, RLIN)
Topical term or geographic name as entry element PROPERTY-COMMERCIAL PROPERTY-COMMERCIAL PROPERTY MARKET
942 ## - ADDED ENTRY ELEMENTS (KOHA)
Suppress in OPAC 0
Holdings
Withdrawn status Lost status Source of classification or shelving scheme Damaged status Not for loan Home library Current library Shelving location Date acquired Total Checkouts Full call number Barcode Date last seen Copy number Price effective from Koha item type
    Dewey Decimal Classification     London London Property market reports 08/12/2008   PROPERTY MARKET REPORT 146087-1001 06/08/2019 1 06/08/2019 Reference material